000
00328nam a2200109Ia 4500
008
200302s9999 xx 000 0 und d
100
_a
Philipp Meuser
245
_a
Construction and Design Manual Hospitals and Health Centres 2 Specialist Clinics and Medical
260
_b
Dom Publishing Co.,
260
_c
2011
300
_a
367 P.,
999
_c
3161
_d
3161